| 000 | 00420nam a2200157Ia 4500 | ||
|---|---|---|---|
| 008 | 210719s1996 xx 000 0 und d | ||
| 020 | _a8173711070 | ||
| 041 | _aeng | ||
| 082 | _a512.2KAK FARG | ||
| 100 | _aFARMER (David W) | ||
| 245 | _aGroups and symmetry: a guide to discovering mathematics. | ||
| 260 |
_aHyderabad _bUniversities Press _c1996 |
||
| 300 |
_avi,102 _bPB |
||
| 365 |
_b150 _cRs |
||
| 650 | _aAlgebra | ||
| 999 |
_c213811 _d213811 |
||